00370nam a2200157Ia 450000100040000000500170000400800410002104100080006208200130007010000340008324500420011726000090015930000280016865000080019665400080020461920260306140531.0260306t2014||||xx |||||||||||||| ||spa|| aESP a128bS21 aSanguineti, Juan José,eAUT 0aNeurociencia y filosofía del hombre c2014 a396 páginas :c22 cm. aGEN aCHU